00658nam a2200241 a 4500001001300000003000900013005001700022008004100039020001000080082001600090100001400106245002400120260003500144300000900179500003500188505001000223650002300233700001400256902000800270942000700278952011600285999001500401nice12345678IN_TiNIC20260116011529.0070625s1957 lona grp 000 0 eng  ac15000a232.96bTAY aTaylor, V aThe Cross of Christ aLondonbMacmillan Press c1957 a108p aincludes index and biblioraphy2 aIndes aJesus Christ-Death1 aTaylor, V bSRS cBK 001040708StackRoom-aHMIbHMId2007-06-25g150.00l0o232.96 TAYp02579r2007-06-25v150.00w2007-06-25yBK c2355d2355